00699 2200253 4500001002100000005001500021035002000036007000300056008004100059020002200100082001100122084001700133100002000150245008700170250001000257260003600267300003000303650002900333700001600362700002000378504002500398990001100423990001100434INLIS00000000000428620191023081235 a0010-1019000138ta191023 g 1 ind  a978-602-1279-31-1 a658.36 a658.36 IND f0 aINDARI, Mastuti1 aFull Time Vs Mom Working /cIndari Mastuti, Dian Akbas; penyunting, Atiatul Mu'min acet.1 aJakarta :bPenebar Plus+,c2015 a139 hlm :bilus. ;c20 cm 4aFull Time Vs Mom Working0 aDIAN, Akbas0 aATIATUL, Mu'min aBibliografi: 135-136 a7031 a a7031 b